[Event "GER MS-278 email"]
[Site "GER email"]
[Date "2018.02.10"]
[Round "?"]
[White "Kuna, Heiko"]
[Black "Oppel, Dieter"]
[Result "1-0"]
[WhiteElo "1993"]
[BlackElo "1881"]
[PlyCount "45"]
[EventDate "2018.02.19"]
[EventType "tourn (corr)"]
[EventRounds "6"]
[EventCountry "GER"]
[SourceTitle "Corr 2020"]
[Source "ChessBase"]
[SourceDate "2019.09.30"]
[SourceVersion "1"]
[SourceVersionDate "2019.09.30"]
[SourceQuality "1"]

1. Nf3 d5 2. d4 Nf6 3. c4 e6 4. Nc3 c5 5. cxd5 exd5 6. Bg5 Nc6 7. Bxf6 gxf6 8. e3 c4 9. g3 Be6 10. Bg2 Qa5 11. 0-0 0-0-0 12. Ne2 h5 13. b3 Bd6 14. bxc4 dxc4 15. h4 Nb4 16. Nd2 Kb8 17. a3 Nd3 18. Qc2 Rc8 19. Rfb1 b6 20. Nc3 Rhg8 21. Rb5 Qa6 22. Nde4 Be7 23. a4 1-0

[Event "GER MS-277 email"]
[Site "GER email"]
[Date "2018.02.10"]
[Round "?"]
[White "Langheld, Werner"]
[Black "Oppel, Dieter"]
[Result "1/2-1/2"]
[WhiteElo "1930"]
[BlackElo "1868"]
[PlyCount "51"]
[EventDate "2018.02.19"]
[EventType "tourn (corr)"]
[EventRounds "6"]
[EventCountry "GER"]
[SourceTitle "Corr 2020"]
[Source "ChessBase"]
[SourceDate "2019.09.30"]
[SourceVersion "1"]
[SourceVersionDate "2019.09.30"]
[SourceQuality "1"]

1. e4 e5 2. Nf3 Nc6 3. d4 exd4 4. Nxd4 Nf6 5. Nxc6 bxc6 6. e5 Qe7 7. Qe2 Nd5 8. c4 Ba6 9. b3 g6 10. Ba3 Nb4 11. Bb2 Bg7 12. a3 Nd5 13. Nd2 0-0 14. 0-0-0 Rfe8 15. Qf3 Nb6 16. Ne4 Bxe5 17. Bxe5 Qxe5 18. Nf6+ Kf8 19. Nxe8 Qa1+ 20. Kc2 Qa2+ 21. Kc1 Qxa3+ 22. Kb1 Na4 23. Qf6 Qxb3+ 24. Kc1 Qa3+ 25. Kc2 Qa2+ 26. Kc1 1/2-1/2

[Event "GER MS-278 email"]
[Site "GER email"]
[Date "2018.02.10"]
[Round "?"]
[White "Oppel, Dieter"]
[Black "Friedrich, Gerhard"]
[Result "0-1"]
[WhiteElo "1881"]
[BlackElo "1975"]
[PlyCount "160"]
[EventDate "2018.02.19"]
[EventType "tourn (corr)"]
[EventRounds "6"]
[EventCountry "GER"]
[SourceTitle "Corr 2020"]
[Source "ChessBase"]
[SourceDate "2019.09.30"]
[SourceVersion "1"]
[SourceVersionDate "2019.09.30"]
[SourceQuality "1"]

1. e4 e6 2. Nc3 d5 3. d4 Bb4 4. exd5 exd5 5. Bd3 Nf6 6. Nge2 0-0 7. a3 Be7 8. 0-0 Re8 9. Re1 Nbd7 10. Ng3 Nf8 11. Nf5 Bxf5 12. Bxf5 g6 13. Bh3 h5 14. Bf4 Bd6 15. Rxe8 Nxe8 16. Nxd5 g5 17. Be5 g4 18. Bxg4 hxg4 19. Qxg4+ Ng6 20. Rd1 c6 21. Ne3 Qh4 22. Qxh4 Nxh4 23. Bg3 Ng6 24. Kf1 Bxg3 25. fxg3 Kf8 26. Ke2 Nd6 27. Kd3 Rc8 28. c4 b6 29. c5 bxc5 30. dxc5 Nb5 31. Nf5 Ne5+ 32. Kc2 a5 33. h4 Ra8 34. h5 Nc7 35. Re1 f6 36. Rd1 Nd5 37. Rd4 a4 38. Rh4 Ra5 39. Kb1 Kg8 40. Re4 Nd3 41. Kc2 Nxc5 42. Rc4 Nb6 43. Rg4+ Kh8 44. Rg6 Ne4 45. Rh6+ Kg8 46. Rg6+ Kf7 47. g4 Rc5+ 48. Kd3 Nf2+ 49. Kd4 Rd5+ 50. Ke3 Nxg4+ 51. Kf4 Ne5 52. Rg7+ Kf8 53. h6 Nd3+ 54. Kg4 Rd7 55. Kh5 Nf4+ 56. Kg4 Ne6 57. Rxd7 Nxd7 58. h7 Ne5+ 59. Kg3 Ng6 60. Kf2 Ke8 61. Nd6+ Ke7 62. Nc8+ Kd8 63. Nb6 Nef8 64. Nxa4 Nxh7 65. b4 Ng5 66. Ke3 Ne6 67. Nb2 Ne7 68. Ke4 Ng5+ 69. Kd4 Nf5+ 70. Kd3 Kc7 71. a4 Nd6 72. Nc4 Ne6 73. Kc3 Nxc4 74. Kxc4 Nf4 75. g3 Nd5 76. b5 Ne3+ 77. Kc5 cxb5 78. axb5 Kd7 79. b6 Nf5 80. b7 Kc7 0-1

[Event "GER MS-262 email"]
[Site "GER email"]
[Date "2017.05.31"]
[Round "?"]
[White "Oppel, Dieter"]
[Black "Dreisch, Juergen"]
[Result "1/2-1/2"]
[WhiteElo "1858"]
[BlackElo "1881"]
[PlyCount "62"]
[EventDate "2017.06.06"]
[EventType "tourn (corr)"]
[EventRounds "6"]
[EventCountry "GER"]
[SourceTitle "Corr 2020"]
[Source "ChessBase"]
[SourceDate "2019.09.30"]
[SourceVersion "1"]
[SourceVersionDate "2019.09.30"]
[SourceQuality "1"]

1. e4 c5 2. Nf3 Nc6 3. Bb5 g6 4. 0-0 Bg7 5. Nc3 e5 6. d3 Nge7 7. Be3 d6 8. Bc4 0-0 9. a4 Be6 10. Bxe6 fxe6 11. Ng5 Rf6 12. Ne2 h6 13. Nf3 Nd4 14. Nd2 Ndc6 15. h4 b6 16. Nf3 Nd4 17. Nh2 Nxe2+ 18. Qxe2 Nc6 19. c3 Rf8 20. h5 g5 21. Qg4 Qe7 22. Nf3 Rae8 23. Rab1 d5 24. Bd2 a5 25. Rbd1 Rf7 26. Rfe1 Qd7 27. Re2 d4 28. c4 Kf8 29. b3 Ree7 30. Qg3 Ke8 31. Ne1 Kd8 1/2-1/2

[Event "GER MS-261 email"]
[Site "GER email"]
[Date "2017.04.20"]
[Round "?"]
[White "Berg, Juergen"]
[Black "Oppel, Dieter"]
[Result "1-0"]
[WhiteElo "2027"]
[BlackElo "1858"]
[PlyCount "127"]
[EventDate "2017.04.25"]
[EventType "tourn (corr)"]
[EventRounds "6"]
[EventCountry "GER"]
[SourceTitle "Corr 2020"]
[Source "ChessBase"]
[SourceDate "2019.09.30"]
[SourceVersion "1"]
[SourceVersionDate "2019.09.30"]
[SourceQuality "1"]

1. e4 e5 2. Nf3 Nc6 3. Bb5 a6 4. Ba4 Bd6 5. c3 b5 6. Bc2 Nf6 7. 0-0 0-0 8. d4 Bb7 9. Nbd2 Re8 10. Re1 h6 11. a3 Bf8 12. Nxe5 Nxe5 13. dxe5 Rxe5 14. Nf3 Rxe4 15. Bxe4 Nxe4 16. Be3 Bd6 17. Nd4 Qh4 18. h3 Qf6 19. f3 Ng5 20. Qc2 Bg3 21. Bf2 Be5 22. Rad1 Rf8 23. Nf5 d6 24. Bg3 Bxf3 25. gxf3 Nxf3+ 26. Kh1 Nxe1 27. Rxe1 Re8 28. Bh4 Qe6 29. Qd3 Qd7 30. Re3 Re6 31. Rf3 Qe8 32. Kg2 Qd7 33. Qd5 Kh7 34. Nd4 Bxd4 35. cxd4 c6 36. Qf5+ Kg8 37. Bf2 d5 38. b4 Rg6+ 39. Kf1 Re6 40. h4 Qe7 41. Qg4 Rf6 42. Rg3 g6 43. Kg2 Qe6 44. Qxe6 Rxe6 45. h5 Kg7 46. Rh3 Re8 47. Rc3 Re6 48. hxg6 fxg6 49. Bg3 Kf7 50. Be5 g5 51. Rf3+ Kg6 52. Rf8 h5 53. Kf3 Kh7 54. Ra8 Kg6 55. Rxa6 Kf5 56. Ra8 Kg6 57. Rg8+ Kf5 58. Rg7 g4+ 59. Kg3 h4+ 60. Kxh4 Rh6+ 61. Kg3 Rh3+ 62. Kg2 Rxa3 63. Rf7+ Kg5 64. Bd6 1-0

[Event "GER MS-261 email"]
[Site "GER email"]
[Date "2017.04.20"]
[Round "?"]
[White "Milde, Lars"]
[Black "Oppel, Dieter"]
[Result "1/2-1/2"]
[WhiteElo "2060"]
[BlackElo "1858"]
[PlyCount "76"]
[EventDate "2017.04.25"]
[EventType "tourn (corr)"]
[EventRounds "6"]
[EventCountry "GER"]
[SourceTitle "Corr 2020"]
[Source "ChessBase"]
[SourceDate "2019.09.30"]
[SourceVersion "1"]
[SourceVersionDate "2019.09.30"]
[SourceQuality "1"]

1. e4 e5 2. Nf3 Nf6 3. Nxe5 d6 4. Nf3 Nxe4 5. Nc3 Nxc3 6. dxc3 Be7 7. Be3 0-0 8. Qd2 Nd7 9. 0-0-0 c6 10. h4 d5 11. Bd3 Nc5 12. Bxc5 Bxc5 13. Rde1 a5 14. Ng5 h6 15. Qf4 g6 16. Nf3 Kg7 17. Ne5 Qf6 18. Qxf6+ Kxf6 19. h5 Re8 20. f4 gxh5 21. Rxh5 Kg7 22. Rhh1 f6 23. Ng6 Bg4 24. Kd2 Rad8 25. Rxe8 Rxe8 26. Re1 Rxe1 27. Kxe1 Bd6 28. g3 Kf7 29. Nh4 Ke6 30. c4 d4 31. Kf2 Bc5 32. a4 h5 33. Nf3 Kd7 34. Nd2 Bb4 35. Nf3 Bc5 36. Kg2 Kd6 37. Kf2 Ke7 38. Nd2 Bb4 1/2-1/2

[Event "GER MS-261 email"]
[Site "GER email"]
[Date "2017.04.20"]
[Round "?"]
[White "Oppel, Dieter"]
[Black "Wittenberg, Gerd"]
[Result "1/2-1/2"]
[WhiteElo "1858"]
[BlackElo "1920"]
[PlyCount "65"]
[EventDate "2017.04.25"]
[EventType "tourn (corr)"]
[EventRounds "6"]
[EventCountry "GER"]
[SourceTitle "Corr 2020"]
[Source "ChessBase"]
[SourceDate "2019.09.30"]
[SourceVersion "1"]
[SourceVersionDate "2019.09.30"]
[SourceQuality "1"]

1. e4 e5 2. Nf3 Nc6 3. Bc4 Bc5 4. 0-0 Nf6 5. Nc3 d6 6. d3 Na5 7. Bg5 Nxc4 8. dxc4 Be6 9. Qd3 h6 10. Bxf6 Qxf6 11. Nd5 Bxd5 12. cxd5 0-0 13. a4 a5 14. c3 g6 15. h3 Kg7 16. b3 Qe7 17. Ra2 c6 18. Rb2 f5 19. Re1 fxe4 20. Rxe4 cxd5 21. Qxd5 Rac8 22. Rbe2 Rf6 23. b4 Bb6 24. bxa5 Rc5 25. Qb3 Bxa5 26. c4 Qf7 27. Rg4 Rc6 28. Qd3 Bb6 29. Rb2 Bc5 30. a5 Rc7 31. Rb3 Qd7 32. Qb1 Qc6 33. Rb2 1/2-1/2

[Event "GER HS-215 email"]
[Site "GER email"]
[Date "2016.11.07"]
[Round "?"]
[White "Oppel, Dieter"]
[Black "Ott, Peter"]
[Result "1/2-1/2"]
[WhiteElo "1801"]
[BlackElo "1922"]
[PlyCount "40"]
[EventDate "2016.11.11"]
[EventType "tourn (corr)"]
[EventRounds "6"]
[EventCountry "GER"]
[SourceTitle "Corr 2020"]
[Source "ChessBase"]
[SourceDate "2019.09.30"]
[SourceVersion "1"]
[SourceVersionDate "2019.09.30"]
[SourceQuality "1"]

1. e4 Nf6 2. e5 Nd5 3. Nf3 d6 4. d4 dxe5 5. Nxe5 g6 6. Be2 Bg7 7. c4 Nb6 8. 0-0 0-0 9. Nc3 c5 10. Be3 Be6 11. d5 Bxd5 12. Nxg6 hxg6 13. Nxd5 Bxb2 14. Rb1 Bd4 15. Bxd4 cxd4 16. Qxd4 Nc6 17. Qe3 e6 18. Nxb6 axb6 19. Rfd1 Qc7 20. Rb2 Ra5 1/2-1/2

[Event "GER HS-214 email"]
[Site "GER email"]
[Date "2016.10.29"]
[Round "?"]
[White "Schwartz, Dirk"]
[Black "Oppel, Dieter"]
[Result "1/2-1/2"]
[WhiteElo "1635"]
[BlackElo "1824"]
[PlyCount "67"]
[EventDate "2016.11.04"]
[EventType "tourn (corr)"]
[EventRounds "6"]
[EventCountry "GER"]
[SourceTitle "Corr 2020"]
[Source "ChessBase"]
[SourceDate "2019.09.30"]
[SourceVersion "1"]
[SourceVersionDate "2019.09.30"]
[SourceQuality "1"]

1. c4 e5 2. g3 Nf6 3. Bg2 d6 4. Nc3 c5 5. d3 Be7 6. e4 0-0 7. Nge2 Bg4 8. h3 Bd7 9. 0-0 h6 10. Be3 Nc6 11. f4 b6 12. f5 Nd4 13. a4 Re8 14. Bd2 Rc8 15. b3 Rb8 16. h4 Bc6 17. Nd5 Bxd5 18. cxd5 Nd7 19. Nxd4 exd4 20. Bf4 Qc7 21. Bf3 Bf6 22. Kg2 Rb7 23. Kh3 a5 24. Qc2 Ne5 25. Qd2 Qe7 26. Be2 Reb8 27. Kg2 Rd8 28. Rh1 Nd7 29. g4 Be5 30. g5 Kh7 31. Rh3 b5 32. axb5 Rxb5 33. Bd1 Rg8 34. Kh1 1/2-1/2

[Event "GER HS-212 email"]
[Site "GER email"]
[Date "2016.10.04"]
[Round "?"]
[White "Reichgeld, Manfred"]
[Black "Oppel, Dieter"]
[Result "1-0"]
[WhiteElo "1922"]
[BlackElo "1824"]
[PlyCount "121"]
[EventDate "2016.10.10"]
[EventType "tourn (corr)"]
[EventRounds "6"]
[EventCountry "GER"]
[SourceTitle "Corr 2020"]
[Source "ChessBase"]
[SourceDate "2019.09.30"]
[SourceVersion "1"]
[SourceVersionDate "2019.09.30"]
[SourceQuality "1"]

1. d4 d5 2. c4 e6 3. Nc3 Nf6 4. cxd5 exd5 5. Bg5 c6 6. e3 Bd6 7. Bd3 h6 8. Bh4 Be7 9. Nge2 Nbd7 10. 0-0 0-0 11. h3 b5 12. Qc2 a5 13. Bg3 Ba6 14. Bf4 Nh5 15. Bh2 Nhf6 16. Rac1 Re8 17. Rfd1 Qb6 18. Bf5 Qd8 19. Nf4 b4 20. Na4 Bb5 21. Nd3 g6 22. Bxd7 Nxd7 23. Ndc5 Nxc5 24. Nxc5 Bf8 25. Bf4 a4 26. Re1 Ra7 27. Qd2 g5 28. Bg3 Qa5 29. b3 axb3 30. axb3 Bxc5 31. Rxc5 Re6 32. Rcc1 Qa3 33. Rb1 Ra8 34. Rec1 Rc8 35. Be5 f6 36. Bg3 Kg7 37. Kh2 Ra8 38. Qd1 Ree8 39. Bd6 Red8 40. Be7 Re8 41. Ra1 Rxe7 42. Rxa3 bxa3 43. g4 Rea7 44. Qc2 a2 45. Ra1 Ra3 46. h4 gxh4 47. Kh3 Kf7 48. Kxh4 R8a7 49. f4 Ke6 50. Qf5+ Kd6 51. Qxf6+ Kc7 52. Qe7+ Kc8 53. Qb4 Ra8 54. f5 R3a7 55. Kh5 Rb8 56. f6 Bd3 57. Qc3 Bb5 58. Qc5 Rba8 59. Kxh6 Rc7 60. g5 Rf7 61. Qd6 1-0

[Event "GER HS-212 email"]
[Site "GER email"]
[Date "2016.10.04"]
[Round "?"]
[White "Zordick, Milon"]
[Black "Oppel, Dieter"]
[Result "1-0"]
[WhiteElo "1984"]
[BlackElo "1824"]
[PlyCount "51"]
[EventDate "2016.10.10"]
[EventType "tourn (corr)"]
[EventRounds "6"]
[EventCountry "GER"]
[SourceTitle "Corr 2020"]
[Source "ChessBase"]
[SourceDate "2019.09.30"]
[SourceVersion "1"]
[SourceVersionDate "2019.09.30"]
[SourceQuality "1"]

1. d4 d5 2. c4 e6 3. Nf3 a6 4. Bg5 Ne7 5. e3 f6 6. Bf4 g5 7. Bg3 Nf5 8. Qc2 Nc6 9. a3 Nd6 10. cxd5 exd5 11. Bd3 Be6 12. Nc3 Qd7 13. 0-0 0-0-0 14. b4 Nf5 15. b5 axb5 16. Bxb5 Nxg3 17. hxg3 Qd6 18. Rab1 Na7 19. e4 dxe4 20. Nxe4 Qd5 21. Nxf6 Qa2 22. Rb2 Bb3 23. Qe2 Qxa3 24. Rfb1 Qe7 25. Rxb3 Qxe2 26. Bxe2 1-0

[Event "GER HS-208 email"]
[Site "GER email"]
[Date "2016.08.01"]
[Round "?"]
[White "Kern, Burkhard"]
[Black "Oppel, Dieter"]
[Result "1/2-1/2"]
[WhiteElo "1876"]
[BlackElo "1804"]
[PlyCount "54"]
[EventDate "2016.08.08"]
[EventType "tourn (corr)"]
[EventRounds "6"]
[EventCountry "GER"]
[SourceTitle "Corr 2020"]
[Source "ChessBase"]
[SourceDate "2019.09.30"]
[SourceVersion "1"]
[SourceVersionDate "2019.09.30"]
[SourceQuality "1"]

1. c4 e5 2. g3 Nf6 3. Bg2 Nc6 4. Nc3 Bb4 5. Nd5 Bc5 6. e3 d6 7. Ne2 0-0 8. 0-0 Nxd5 9. cxd5 Ne7 10. d4 exd4 11. exd4 Bb6 12. a4 a5 13. b3 Bd7 14. Bb2 Nf5 15. Re1 Qf6 16. Qd2 Rfe8 17. Rad1 h5 18. h4 g6 19. Kh2 Rac8 20. Bc3 Re7 21. Rf1 Rce8 22. Ng1 Ng7 23. Bxa5 Bg4 24. Bc3 Bxd1 25. Rxd1 Ba7 26. a5 Qf5 27. b4 f6 1/2-1/2

[Event "GER HS-208 email"]
[Site "GER email"]
[Date "2016.08.01"]
[Round "?"]
[White "Mueller, Siegfried"]
[Black "Oppel, Dieter"]
[Result "0-1"]
[WhiteElo "1754"]
[BlackElo "1804"]
[PlyCount "108"]
[EventDate "2016.08.08"]
[EventType "tourn (corr)"]
[EventRounds "6"]
[EventCountry "GER"]
[SourceTitle "Corr 2022"]
[Source "ChessBase"]
[SourceDate "2021.10.24"]
[SourceVersion "1"]
[SourceVersionDate "2021.10.24"]
[SourceQuality "1"]

1. f4 Nf6 2. Nc3 d5 3. e3 Bf5 4. Bb5+ c6 5. Be2 h6 6. Nf3 e6 7. b3 Bd6 8. Bb2 0-0 9. 0-0 Nfd7 10. Rc1 Be7 11. d3 Nf6 12. Qe1 Nbd7 13. Ne5 Qb6 14. Qg3 Nxe5 15. fxe5 Nd7 16. d4 Bh7 17. Rf4 Bg5 18. Rf3 Rac8 19. h4 Be7 20. Rf4 f5 21. Na4 Qa5 22. Bc3 Qd8 23. b4 Qe8 24. h5 b6 25. Rb1 Nb8 26. Qh3 Bg5 27. Rff1 c5 28. b5 Nd7 29. Kh1 cxd4 30. exd4 f4 31. Rb2 Bf5 32. Qf3 Be4 33. Qh3 f3 34. gxf3 Bh7 35. f4 Bxf4 36. Bg4 Be4+ 37. Kg1 Qe7 38. Be1 Qg5 39. Bh4 Be3+ 40. Kh2 Rxf1 41. Bxg5 Bg1+ 42. Kg3 Bf2+ 43. Kf4 Rf8+ 44. Bf6 Nxf6 45. Bxe6+ Kh7 46. exf6 Bxd4+ 47. Qxf1 Rxf6+ 48. Kg4 Rxf1 49. Rb3 g5 50. hxg6+ Kxg6 51. Nc3 h5+ 52. Kg3 Bxc3 53. Rxc3 Kg5 54. Kh3 h4 0-1

[Event "GER HS-208 email"]
[Site "GER email"]
[Date "2016.08.01"]
[Round "?"]
[White "Oppel, Dieter"]
[Black "Boettcher, Frank"]
[Result "1-0"]
[WhiteElo "1804"]
[BlackElo "1326"]
[PlyCount "43"]
[EventDate "2016.08.08"]
[EventType "tourn (corr)"]
[EventRounds "6"]
[EventCountry "GER"]
[SourceTitle "Corr 2020"]
[Source "ChessBase"]
[SourceDate "2019.09.30"]
[SourceVersion "1"]
[SourceVersionDate "2019.09.30"]
[SourceQuality "1"]

1. e4 e5 2. Nf3 Nf6 3. d4 Nxe4 4. Nxe5 d6 5. Nf3 d5 6. Bd3 Bd6 7. 0-0 0-0 8. c4 Nf6 9. cxd5 Nxd5 10. Nc3 Bb4 11. Qb3 Bxc3 12. bxc3 h6 13. Ba3 Re8 14. Rfe1 Nc6 15. Rxe8+ Qxe8 16. Qxd5 Be6 17. Qb5 Bc8 18. Re1 Qd8 19. d5 a6 20. Qc4 Na5 21. Qa4 Qxd5 22. Re8# 1-0

[Event "GER HS-201 email"]
[Site "GER email"]
[Date "2016.03.29"]
[Round "?"]
[White "Oppel, Dieter"]
[Black "Eife, Gunter"]
[Result "1/2-1/2"]
[WhiteElo "1804"]
[BlackElo "1827"]
[PlyCount "44"]
[EventDate "2016.04.05"]
[EventType "tourn (corr)"]
[EventRounds "6"]
[EventCountry "GER"]
[SourceTitle "Corr 2020"]
[Source "ChessBase"]
[SourceDate "2019.09.30"]
[SourceVersion "1"]
[SourceVersionDate "2019.09.30"]
[SourceQuality "1"]

1. e4 c5 2. Nf3 Nc6 3. Nc3 d6 4. d4 cxd4 5. Nxd4 Nf6 6. Bc4 e6 7. Be3 Be7 8. 0-0 0-0 9. Bb3 a6 10. f4 Nxd4 11. Bxd4 b5 12. Qd3 b4 13. e5 bxc3 14. exf6 Bxf6 15. Qxc3 a5 16. Rf3 d5 17. a4 Bxd4+ 18. Qxd4 Rb8 19. Rd1 Bd7 20. f5 Rb4 21. Qc5 Qb6 22. Qxb6 Rxb6 1/2-1/2

[Event "GER OS-280 email"]
[Site "GER email"]
[Date "2015.11.09"]
[Round "?"]
[White "Dreisch, Juergen"]
[Black "Oppel, Dieter"]
[Result "0-1"]
[WhiteElo "1926"]
[BlackElo "1761"]
[PlyCount "88"]
[EventDate "2015.11.18"]
[EventType "tourn (corr)"]
[EventRounds "6"]
[EventCountry "GER"]
[SourceTitle "Corr 2020"]
[Source "ChessBase"]
[SourceDate "2019.09.30"]
[SourceVersion "1"]
[SourceVersionDate "2019.09.30"]
[SourceQuality "1"]

1. e4 e5 2. f4 exf4 3. Bc4 Nf6 4. Nc3 c6 5. Bb3 d5 6. exd5 Nxd5 7. Nxd5 cxd5 8. Qh5 Bd6 9. d4 Qe7+ 10. Ne2 Nd7 11. Qxd5 Nf6 12. Qb5+ Bd7 13. Qd3 Bg4 14. Ba4+ Kf8 15. h3 Bh5 16. Kf1 Bxe2+ 17. Qxe2 Ne4 18. Kg1 Ng3 19. Qxe7+ Kxe7 20. Bd2 Nxh1 21. Re1+ Kd8 22. Kxh1 Rc8 23. Rf1 Rc7 24. Bxf4 Bxf4 25. Rxf4 Rf8 26. Kg1 b5 27. Bb3 a5 28. Rf2 a4 29. Bd5 b4 30. Rd2 Kd7 31. Bf3 Kd6 32. Kf1 Rfc8 33. Be4 a3 34. b3 Re7 35. Bf3 Rce8 36. Rd1 f5 37. h4 Re3 38. Kf2 g6 39. Kf1 h6 40. Rc1 g5 41. Bb7 gxh4 42. Ba6 R8e4 43. Kf2 Rg3 44. Rd1 Rf4+ 0-1

[Event "GER OS-280 email"]
[Site "GER email"]
[Date "2015.11.09"]
[Round "?"]
[White "Wittlieb, Friedhelm"]
[Black "Oppel, Dieter"]
[Result "0-1"]
[WhiteElo "1239"]
[BlackElo "1761"]
[PlyCount "42"]
[EventDate "2015.11.18"]
[EventType "tourn (corr)"]
[EventRounds "6"]
[EventCountry "GER"]
[SourceTitle "Corr 2020"]
[Source "ChessBase"]
[SourceDate "2019.09.30"]
[SourceVersion "1"]
[SourceVersionDate "2019.09.30"]
[SourceQuality "1"]

1. e4 e5 2. Nf3 Nc6 3. Nc3 Nf6 4. Bd3 Bc5 5. Bc4 0-0 6. 0-0 d6 7. d3 Na5 8. Bb5 a6 9. Ba4 b5 10. Nxb5 axb5 11. Bxb5 c6 12. Ba4 d5 13. exd5 e4 14. Ne5 Qxd5 15. Bf4 Bd4 16. c3 Bxe5 17. g3 exd3 18. Qd2 Nc4 19. Qd1 Bxf4 20. gxf4 Bh3 21. Re1 Qg2# 0-1

[Event "GER OS-260 email"]
[Site "GER email"]
[Date "2015.02.11"]
[Round "?"]
[White "Gottsmann, Lothar"]
[Black "Oppel, Dieter"]
[Result "0-1"]
[WhiteElo "1446"]
[BlackElo "1761"]
[PlyCount "50"]
[EventDate "2015.02.23"]
[EventType "tourn (corr)"]
[EventRounds "6"]
[EventCountry "GER"]
[SourceTitle "Corr 2020"]
[Source "ChessBase"]
[SourceDate "2019.09.30"]
[SourceVersion "1"]
[SourceVersionDate "2019.09.30"]
[SourceQuality "1"]

1. e4 e5 2. Nf3 Nc6 3. Bb5 g6 4. d4 exd4 5. Nxd4 Nf6 6. Nc3 Bg7 7. Nxc6 bxc6 8. Be2 0-0 9. 0-0 Re8 10. f3 d5 11. exd5 Nxd5 12. Nxd5 cxd5 13. Bb5 Bd7 14. Bxd7 Qxd7 15. Rb1 Qb5 16. Kh1 Re2 17. b3 Rxc2 18. a4 Qe2 19. Qxe2 Rxe2 20. Bf4 c5 21. Bg3 c4 22. bxc4 dxc4 23. Rb4 Rc8 24. Rb7 Bh6 25. Rxa7 c3 0-1

[Event "GER OS-253 email"]
[Site "GER email"]
[Date "2014.11.03"]
[Round "?"]
[White "Horst, Lothar"]
[Black "Oppel, Dieter"]
[Result "0-1"]
[WhiteElo "1727"]
[BlackElo "1730"]
[PlyCount "80"]
[EventDate "2014.11.10"]
[EventType "tourn (corr)"]
[EventRounds "6"]
[EventCountry "GER"]
[SourceTitle "Corr 2020"]
[Source "ChessBase"]
[SourceDate "2019.09.30"]
[SourceVersion "1"]
[SourceVersionDate "2019.09.30"]
[SourceQuality "1"]

1. d4 d5 2. Nf3 Nf6 3. c4 e6 4. Nc3 Be7 5. Bf4 0-0 6. e3 Nbd7 7. c5 Nh5 8. Bd3 b6 9. b4 a5 10. a3 axb4 11. axb4 Rxa1 12. Qxa1 Nxf4 13. exf4 Bb7 14. 0-0 c6 15. Re1 Qc7 16. Qc1 Ra8 17. f5 Nf8 18. Ne2 exf5 19. Bxf5 Bf6 20. Ng3 g6 21. Bg4 Ra4 22. Qc3 h5 23. Bh3 bxc5 24. Qxc5 Ba6 25. Nf1 Qb7 26. N1d2 Kg7 27. Qc3 Qb6 28. Rb1 Be7 29. Ne1 Rxb4 30. Ra1 Bb7 31. Nc2 Rb2 32. g3 Nh7 33. Rc1 Ng5 34. Bd7 Bf6 35. h4 Ne4 36. Nxe4 dxe4 37. Bh3 Rb3 38. Qd2 Rd3 39. Qb4 Qxb4 40. Nxb4 Rd2 0-1

[Event "GER OS-253 email"]
[Site "GER email"]
[Date "2014.11.03"]
[Round "?"]
[White "Knauer, Hans Joachim"]
[Black "Oppel, Dieter"]
[Result "0-1"]
[WhiteElo "1629"]
[BlackElo "1730"]
[PlyCount "80"]
[EventDate "2014.11.10"]
[EventType "tourn (corr)"]
[EventRounds "6"]
[EventCountry "GER"]
[SourceTitle "Corr 2020"]
[Source "ChessBase"]
[SourceDate "2019.09.30"]
[SourceVersion "1"]
[SourceVersionDate "2019.09.30"]
[SourceQuality "1"]

1. d4 d5 2. Nf3 Nf6 3. c3 Nc6 4. Bf4 Bf5 5. Nbd2 e6 6. b4 Be7 7. e3 a6 8. Qb3 Nh5 9. Bg3 0-0 10. Be2 Nxg3 11. hxg3 h6 12. Qa4 Qd6 13. 0-0 Rfe8 14. Rac1 Bf6 15. b5 axb5 16. Qxb5 Rxa2 17. Rb1 Bxb1 18. Qxb1 Rea8 19. Nb3 Qa3 20. g4 Rb2 21. Qd1 Rxb3 22. Bd3 Rxc3 23. Bc2 Nb4 24. Bb1 c5 25. Nd2 cxd4 26. exd4 Rac8 27. Re1 Rc1 28. Qe2 Rxe1+ 29. Qxe1 Rc1 30. Qf1 Qc3 31. Nf3 Rxf1+ 32. Kxf1 Qc1+ 33. Ne1 Qxb1 34. g5 Nc2 35. g3 Qxe1+ 36. Kg2 hxg5 37. g4 b5 38. Kf3 Qf1 39. Kg3 Ne1 40. Kh2 Qg2# 0-1

[Event "GER OS-253 email"]
[Site "GER email"]
[Date "2014.11.03"]
[Round "?"]
[White "Oppel, Dieter"]
[Black "Deicke, Detlef"]
[Result "1-0"]
[WhiteElo "1730"]
[BlackElo "1442"]
[PlyCount "35"]
[EventDate "2014.11.10"]
[EventType "tourn (corr)"]
[EventRounds "6"]
[EventCountry "GER"]
[SourceTitle "Corr 2020"]
[Source "ChessBase"]
[SourceDate "2019.09.30"]
[SourceVersion "1"]
[SourceVersionDate "2019.09.30"]
[SourceQuality "1"]

1. e4 d5 2. exd5 Qxd5 3. Nc3 Qa5 4. Nf3 Nf6 5. Bc4 e6 6. 0-0 c6 7. d4 Bd6 8. Qe1 Qc7 9. Ne4 Be7 10. Nxf6+ Bxf6 11. Ne5 0-0 12. Bf4 Qb6 13. Qe3 Nd7 14. Nxf7 Bxd4 15. Qxe6 Nf6 16. Nh6+ Kh8 17. Qe7 Qd8 18. Nf7+ 1-0

[Event "GER OS-248 email"]
[Site "GER email"]
[Date "2014.08.23"]
[Round "?"]
[White "Oppel, Dieter"]
[Black "Niederdorf, Walter"]
[Result "1-0"]
[WhiteElo "1676"]
[BlackElo "1697"]
[PlyCount "89"]
[EventDate "2014.09.05"]
[EventType "tourn (corr)"]
[EventRounds "6"]
[EventCountry "GER"]
[SourceTitle "Corr 2020"]
[Source "ChessBase"]
[SourceDate "2019.09.30"]
[SourceVersion "1"]
[SourceVersionDate "2019.09.30"]
[SourceQuality "1"]

1. e4 e5 2. Nf3 Nc6 3. Bb5 Bc5 4. 0-0 Nf6 5. Nxe5 Nxe5 6. d4 a6 7. Be2 Bxd4 8. Qxd4 d6 9. c4 Be6 10. b3 Nc6 11. Qe3 0-0 12. Nc3 Ng4 13. Qg3 h5 14. f3 h4 15. Qf4 Nge5 16. Qd2 Nd7 17. f4 f5 18. Bf3 Qf6 19. exf5 Qxf5 20. Bb2 Nc5 21. Nd5 Bxd5 22. Qc3 Qg6 23. Bxd5+ Kh8 24. Rae1 Rae8 25. Rxe8 Rxe8 26. f5 Qg5 27. Rf4 Re5 28. g3 hxg3 29. Qxg3 Qxg3+ 30. hxg3 g5 31. Rf1 Nb4 32. Bxe5+ dxe5 33. f6 Nxd5 34. cxd5 Kg8 35. Rc1 b6 36. b4 Ne4 37. Rxc7 Nxf6 38. d6 Kf8 39. Re7 e4 40. Kg2 b5 41. Kg1 g4 42. Kf2 e3+ 43. Rxe3 Kf7 44. Ke2 Nd5 45. d7 1-0